| 000 | 01772cam a22004457a 4500 | ||
|---|---|---|---|
| 003 | CHAP | ||
| 005 | 20220329142826.0 | ||
| 008 | 040526s2004 mx d r 00010 spa d | ||
| 010 | _a88338 | ||
| 011 | _a89310 | ||
| 035 | _a99861 | ||
| 040 | _cCHAP | ||
| 090 | _aTesis | ||
| 100 | 0 | 0 |
_aEstrada López, Isael. _938401 |
| 245 | 1 | 0 |
_aComportamiento productivo y conducta de corderos en finalización incluyendo rastrojo de maíz en la dieta molido a cuatro diámetros de criba _c/por Isael Estrada López y Román Méndez Castillo |
| 260 |
_aChapingo, Méx. : _bEl autor, _c2004 |
||
| 300 |
_a99 h. : _bcuadros |
||
| 502 | _aTesis (Ing. Agr. Esp. en Zootecnia) -- UACH. Departamento de Zootecnia | ||
| 530 | _aTambién disponible en línea | ||
| 590 |
_aALEPH _b10 _c20130110 _lUCH01 _h1457 |
||
| 590 |
_aBATCH-UPD _b10 _c20130110 _lUCH01 _h0345 |
||
| 590 |
_aBATCH-UPD _b10 _c20130110 _lUCH01 _h1829 |
||
| 590 |
_aBATCH-UPD _b10 _c20130410 _lUCH01 _h0018 |
||
| 590 |
_aBATCH-UPD _b10 _c20130410 _lUCH01 _h1531 |
||
| 590 |
_aBATCH-UPD _b10 _c20130914 _lUCH01 _h1327 |
||
| 590 |
_aBATCH-UPD _b10 _c20140324 _lUCH01 _h1444 |
||
| 590 |
_aBATCH-UPD _b10 _c20141002 _lUCH01 _h0821 |
||
| 590 |
_aCONVERSION _b10 _c20130109 _lUCH01 _h1349 |
||
| 650 | 1 | 4 |
_aAnimales _xHabitos y conducta. _95865 |
| 650 | 1 | 4 |
_aGanado lanar _xAlimentación. _945153 |
| 650 | 1 | 4 |
_aGanado lanar _xNutrición. _945205 |
| 650 | 1 | 4 |
_aGanado lanar _xProducción. _945214 |
| 700 | 0 |
_aMéndez Castillo, Román. _976483 |
|
| 856 |
_3Finding aid _uhttp://10.13.5.2/tesis/99861.pdf _zTeclea aqui |
||
| 901 | _aBK | ||
| 905 | _aMarco A. Mendoza T. | ||
| 942 | _cFOLL | ||
| 949 |
_atesis _bBC _cTES _d33724000909842 _eTS2 _fc.2 _gDonaciØn _h41858 _i99861 _sb |
||
| 949 |
_atesis _bBC _cTES _d998611 _eTS1 _gDonaciØn _h41857 _i99861 _sb |
||
| 999 |
_c88338 _d88338 |
||